00407 2200157 4500001002100000005001500021035002000036245005000056100001800106300002600124260004300150082000800193084001400201020002200215990001200237INLIS00000000000305820250919085411 a0010-09250004051 aAyah, Ini Arahnya Kemana Ya? /cKhoirul Trian0 aKhoirul Trian a164 hlm ;c13 x 19 cm aYogyakarta :bGradien Mediatama,c2024 a813 a813 KHO a a978-602-208-379-5 a0755577